<The> User Structure in Brazil's Tropical Rain Forest

Salvato in:
Dettagli Bibliografici
Autore principale: May, Peter H.
Altri autori: Reis, Eustáquio J.
Natura: Libro
Lingua:inglese
Pubblicazione: Kiel Institut für Weltwirtschaft 1993
Serie:Kiel Working Paper No.565
Soggetti:
Tags: Aggiungi Tag
Nessun Tag, puoi essere il primo ad aggiungerne!!

MARC

LEADER 00000nam a2200000 4500
001 c010779
005 20250521093125.7
041 0 |a eng 
044 |a DE 
245 1 0 |a <The> User Structure in Brazil's Tropical Rain Forest  |c Peter H. May, Eustáquio J. Reis 
264 1 |a Kiel  |b Institut für Weltwirtschaft  |c 1993 
300 |a 33 s. 
490 1 |a Kiel Working Paper  |v No.565 
830 0 |a Kiel Working Paper  |v No.565 
610 2 0 |a ekológia 
610 2 0 |a ochrana prostredia životného 
610 2 0 |a hospodárstvo lesné 
610 2 0 |a produkcia 
610 2 0 |a poľnohospodárstvo 
610 2 0 |a Brazília 
610 2 0 |a pralesy tropické dažďové 
100 1 |a May, Peter H. 
700 1 |a Reis, Eustáquio J.